000 00698nam a2200169 a 4500
008 210211s2012 ||||||||||||||||| || u
020 _a9781118071786
050 _aTX 911.3 .P4 Mil
100 _aMiller, Jack E
245 1 0 _aSupervision in the hospitality industry (7th edition)
_cBy John R. Walker; Jack E. Miller
250 _a7th edition
260 _aNew Jersey
_bJohn Wiley & Sons
_c2012
300 _axvii, 506 pages : illustrations
650 _aHOSPITALITY INDUSTRY--PERSONNEL MANAGEMENT
700 _aWalker, John R
995 _D19.88
_FCBU-MAIN LIBRARY (Kitwe)
_M1
_UAVAILABLE
_WFeb 16, 2021
_ZMain Library Open Access Collection
999 _c59109
_d59109